Country and Capital Neighbour Connect with Jumps and Disappearing World Map: Closest to Equator - Statistics

General Stats
  • This quiz has been taken 1,073 times
  • The average score is 212 of 392
Answers on the Map
Answers color-coded by a green-red scale on the quiz's map according to % correct below.
 
Answer Stats
Hint Hint Country/Capital % Correct
204 265.5 Quito
100%
204 265.5 Ecuador
98%
216.3 247.5 Bogotá
96%
216.3 247.5 Colombia
96%
232 235 Venezuela
95%
266 294 Brazil
94%
232 235 Caracas
94%
248 242 Georgetown
94%
248 242 Guyana
94%
254.4 248.1 Paramaribo
94%
254.4 248.1 Suriname
94%
234 373 Argentina
93%
248.9 339.7 Asunción
93%
236 319 Bolivia
93%
266 294 Brasília
93%
234 373 Buenos Aires
93%
218 384 Chile
93%
236 319 La Paz
93%
208 292 Lima
93%
254.9 370.2 Montevideo
93%
248.9 339.7 Paraguay
93%
208 292 Peru
93%
218 384 Santiago
93%
254.9 370.2 Uruguay
93%
420 301.2 Angola
88%
435 336.1 Botswana
88%
416.9 260.5 Brazzaville
88%
447.8 272.6 Burundi
88%
433 267.2 Democratic Republic of the Congo
88%
459.1 282.5 Dodoma
88%
404 255.8 Equatorial Guinea
88%
470 234.2 Ethiopia
88%
406.5 264 Gabon
88%
435 336.1 Gaborone
88%
447 325 Harare
88%
449.6 239.5 Juba
88%
453.1 256.6 Kampala
88%
465.8 259.9 Kenya
88%
447.8 267.7 Kigali
88%
433 267.2 Kinshasa
88%
406.5 264 Libreville
88%
456 307 Lilongwe
88%
420 301.2 Luanda
88%
438 310 Lusaka
88%
456 307 Malawi
88%
488 230 Mogadishu
88%
467 309.5 Mozambique
88%
465.8 259.9 Nairobi
88%
418 328 Namibia
88%
431 365 Pretoria
88%
416.9 260.5 Republic of the Congo
88%
447.8 267.7 Rwanda
88%
488 230 Somalia
88%
459.1 282.5 Tanzania
88%
453.1 256.6 Uganda
88%
418 328 Windhoek
88%
407 247 Yaoundé
88%
438 310 Zambia
88%
447 325 Zimbabwe
88%
444 360.5 Lesotho
87%
467 309.5 Maputo
87%
451.3 350.1 Mbabane
87%
395.5 260.6 São Tomé
87%
395.5 260.6 São Tomé and Príncipe
87%
431 365 South Africa
87%
451.3 350.1 Swaziland
87%
447.8 272.6 Bujumbura
86%
404 255.8 Malabo
86%
444 360.5 Maseru
86%
756.2 263.4 Nauru
83%
614.2 256.7 Singapore
82%
614.2 256.7 Singapore (cap)
82%
756.2 263.4 Yaren
82%
635.5 264 Indonesia
81%
21 272 Kiribati
81%
610.3 247.2 Malaysia
81%
638.6 246.1 Bandar Seri Begawan
80%
638.6 246.1 Brunei
80%
610.3 247.2 Kuala Lumpur
80%
545.9 248.9 Maldives
79%
545.9 248.9 Malé
79%
407 247 Cameroon
78%
427.6 239 Central African Republic
78%
21 272 South Tarawa
78%
470 234.2 Addis Ababa
77%
427.6 239 Bangui
77%
449.6 239.5 South Sudan
77%
448.5 209.5 Sudan
77%
398 230.8 Abuja
76%
378.2 234.5 Accra
76%
385.7 225 Benin
76%
368 235.9 Cote d'Ivoire
76%
476.4 221.6 Djibouti
76%
476.4 221.6 Djibouti (cap)
76%
466.3 209.2 Eritrea
76%
378.2 234.5 Ghana
76%
359.2 239.6 Liberia
76%
383 232.4 Lomé
76%
359.2 239.6 Monrovia
76%
422.6 209.4 N'Djamena
76%
398 230.8 Nigeria
76%
385.7 225 Porto-Novo
76%
354 232.9 Sierra Leone
76%
383 232.4 Togo
76%
466.3 209.2 Asmara
75%
377 202.2 Bamako
75%
347.7 220.3 Bissau
75%
377 219 Burkina Faso
75%
422.6 209.4 Chad
75%
353.3 224.2 Conakry
75%
347 212 Dakar
75%
354 232.9 Freetown
75%
344 216 Gambia
75%
353.3 224.2 Guinea
75%
347.7 220.3 Guinea-Bissau
75%
448.5 209.5 Khartoum
75%
377 202.2 Mali
75%
403.3 203.9 Niamey
75%
403.3 203.9 Niger
75%
377 219 Ouagadougou
75%
347 212 Senegal
75%
368 235.9 Yamoussoukro
75%
344 216 Banjul
74%
635.5 264 Jakarta
74%
505.5 277 Seychelles
74%
505.5 277 Victoria
74%
703.7 282.4 Papua New Guinea
73%
703.7 282.4 Port Moresby
73%
717.7 235.2 Federated States of Micronesia
72%
717.7 235.2 Palikir
71%
680.5 241.3 Ngerulmud
70%
680.5 241.3 Palau
70%
562 235.3 Sri Jayawardenepura Kotte
70%
562 235.3 Sri Lanka
70%
760.6 232.2 Majuro
69%
760.6 232.2 Marshall Islands
69%
180.9 203.6 Belize
67%
180.9 203.6 Belmopan
67%
143 66 Canada
67%
192 228 Costa Rica
67%
180.4 215 El Salvador
67%
177.4 210 Guatemala
67%
177.4 210 Guatemala City
67%
184.5 210.7 Honduras
67%
742.1 295 Honiara
67%
151 182 Mexico
67%
151 182 Mexico City
67%
188.2 218.1 Nicaragua
67%
143 66 Ottawa
67%
198 232.5 Panama
67%
198 232.5 Panama City
67%
192 228 San José
67%
180.4 215 San Salvador
67%
742.1 295 Solomon Islands
67%
804.5 282.8 Tuvalu
67%
153 129 United States
67%
153 129 Washington D.C.
67%
804.5 282.8 Funafuti
66%
188.2 218.1 Managua
66%
184.5 210.7 Tegucigalpa
66%
242.5 226.6 Port-of-Spain
64%
242.5 226.6 Trinidad and Tobago
64%
657 220.6 Philippines
63%
664.3 290.8 Dili
62%
664.3 290.8 East Timor
62%
657 220.6 Manila
62%
608 207.9 Bangkok
61%
616 219.1 Cambodia
61%
616 219.1 Phnom Penh
61%
608 207.9 Thailand
61%
610.3 194.9 Laos
60%
597 188.5 Myanmar
60%
610.3 194.9 Vientiane
60%
624.3 219.9 Vietnam
60%
583 181.8 Bangladesh
59%
584.1 169.4 Bhutan
59%
615 140.9 China
59%
583 181.8 Dhaka
59%
624.3 219.9 Hanoi
59%
556 185.9 India
59%
597 188.5 Naypyidaw
59%
556 185.9 New Delhi
59%
584.1 169.4 Thimphu
59%
615 140.9 Beijing
58%
569.8 166.5 Kathmandu
58%
569.8 166.5 Nepal
58%
479.4 301.4 Comoros
56%
479.4 301.4 Moroni
55%
246.5 217 Barbados
53%
246.5 217 Bridgetown
53%
241.6 220.6 Grenada
53%
241.6 220.6 Saint George's
53%
488.3 208.2 Sana'a
53%
488.3 208.2 Yemen
53%
502 182.5 Abu Dhabi
52%
495.7 176.2 Doha
52%
242.7 216.8 Kingstown
52%
509.33 187.2 Muscat
52%
509.33 187.2 Oman
52%
495.7 176.2 Qatar
52%
482.1 179.9 Riyadh
52%
482.1 179.9 Saudi Arabia
52%
502 182.5 United Arab Emirates
52%
243.2 214.6 Saint Lucia
51%
242.7 216.8 Saint Vincent and the Grenadines
51%
802.8 307.7 Apia
50%
243.2 214.6 Castries
50%
242.4 209.5 Dominica
50%
242.4 209.5 Roseau
50%
802.8 307.7 Samoa
50%
326.7 206.9 Cape Verde
49%
326.7 206.9 Praia
49%
354 195.5 Mauritania
48%
354 195.5 Nouakchott
48%
384.2 167.2 Algeria
47%
241.4 204 Antigua and Barbuda
47%
239.4 203.4 Basseterre
47%
447 171.3 Cairo
47%
447 171.3 Egypt
47%
782.9 320.1 Fiji
47%
459 157 Israel
47%
462.3 158.9 Jordan
47%
419.3 172.9 Libya
47%
755.5 318.6 Port Vila
47%
241.4 204 Saint John's
47%
239.4 203.4 Saint Kitts and Nevis
47%
755.5 318.6 Vanuatu
47%
528 149.2 Afghanistan
46%
462.3 158.9 Amman
46%
478.8 149.9 Baghdad
46%
501.3 152.5 Iran
46%
478.8 149.9 Iraq
46%
535.7 164.2 Islamabad
46%
459 157 Jerusalem
46%
528 149.2 Kabul
46%
487 162.9 Kuwait
46%
487 162.9 Kuwait City
46%
535.7 164.2 Pakistan
46%
782.9 320.1 Suva
46%
513 130.6 Ashgabat
45%
206 200.2 Jamaica
45%
206 200.2 Kingston
45%
501.3 152.5 Tehran
45%
533 100 Astana
44%
548 122 Bishkek
44%
545.2 133.5 Dushanbe
44%
533 100 Kazakhstan
44%
548 122 Kyrgyzstan
44%
577 52 Moscow
44%
545.2 133.5 Tajikistan
44%
525 122.5 Tashkent
44%
513 130.6 Turkmenistan
44%
525 122.5 Uzbekistan
44%
665.7 127 Pyongyang
42%
669 139 Seoul
42%
669 139 South Korea
42%
487.6 125 Azerbaijan
41%
467 143 Damascus
41%
461.7 146.8 Lebanon
41%
665.7 127 North Korea
41%
577 52 Russia
41%
460.3 130.6 Turkey
41%
460.3 130.6 Ankara
40%
461.7 146.8 Beirut
40%
467 143 Syria
40%
425.5 124 Albania
39%
430 129 Athens
39%
430 129 Greece
39%
425.5 124 Tirana
39%
427.5 118.5 Kosovo
38%
429.5 121.7 Macedonia
38%
429.5 121.7 Skopje
38%
423.7 117.8 Montenegro
37%
423.7 117.8 Podgorica
37%
427.5 118.5 Pristina
37%
427.6 113 Belgrade
36%
437.8 117.9 Bulgaria
36%
421 113 Sarajevo
36%
427.6 113 Serbia
36%
437.8 117.9 Sofia
36%
421 113 Bosnia and Herzegovina
35%
436.7 107.1 Bucharest
35%
418 108 Croatia
35%
413 106.5 Ljubljana
34%
416.4 124.2 Rome
34%
408.5 120.7 Vatican City (cap)
34%
418 108 Zagreb
34%
486 324.3 Antananarivo
33%
416.4 124.2 Italy
33%
486 324.3 Madagascar
33%
408.5 113.9 San Marino
33%
408.5 113.9 San Marino (cap)
33%
408.5 120.7 Vatican City
33%
221 197 Dominican Republic
32%
218 196 Haiti
32%
218 196 Port-au-Prince
32%
221 197 Santo Domingo
32%
683 342 Australia
30%
683 342 Canberra
30%
510.1 329.1 Mauritius
29%
510.1 329.1 Port Louis
29%
384.2 167.2 Algiers
28%
209 180.9 Bahamas
28%
206 190.2 Cuba
28%
206 190.2 Havana
28%
366 153.5 Morocco
28%
209 180.9 Nassau
28%
798.1 328.7 Nukuʻalofa
28%
366 153.5 Rabat
28%
652.9 182.1 Taipei
28%
652.9 182.1 Taiwan
28%
798.1 328.7 Tonga
28%
419.3 172.9 Tripoli
28%
401 148 Tunis
28%
401 148 Tunisia
28%
494.3 174 Bahrain
25%
455.3 143.7 Cyprus
25%
693.3 140 Japan
25%
412.9 141.1 Malta
25%
494.3 174 Manama
25%
455.3 143.7 Nicosia
25%
693.3 140 Tokyo
25%
412.9 141.1 Valletta
25%
361.7 127.6 Portugal
24%
361.7 127.6 Lisbon
23%
372 127.5 Madrid
23%
384 118.7 Andorra
22%
384 118.7 Andorra la Vella
22%
414.2 100.9 Austria
22%
398.4 103.5 Bern
22%
386 105 France
22%
424.4 103.1 Hungary
22%
402 103.1 Liechtenstein
22%
397.2 114.5 Monaco
22%
397.2 114.5 Monaco (cap)
22%
386 105 Paris
22%
413 106.5 Slovenia
22%
372 127.5 Spain
22%
398.4 103.5 Switzerland
22%
402 103.1 Vaduz
22%
444.4 102 Chișinău
21%
436.7 107.1 Romania
21%
423 98 Bratislava
20%
424.4 103.1 Budapest
20%
444.4 102 Moldova
20%
450.6 96 Ukraine
20%
423 98 Slovakia
19%
414.2 100.9 Vienna
19%
391 91 Belgium
18%
391 91 Brussels
18%
414 93.8 Czech Republic
18%
404 89.9 Germany
18%
394.3 94.2 Luxembourg
18%
394.3 94.2 Luxembourg (cap)
18%
414 93.8 Prague
18%
393 86.9 Netherlands
17%
393 86.9 Amsterdam
16%
443.4 81.2 Belarus
16%
404 89.9 Berlin
16%
450.6 96 Kiev
16%
423.6 87.1 Poland
16%
423.6 87.1 Warsaw
16%
480.5 125 Armenia
15%
434.3 76.3 Lithuania
15%
443.4 81.2 Minsk
15%
434.3 76.3 Vilnius
15%
480.5 125 Yerevan
15%
487.6 125 Baku
14%
439 64.8 Estonia
14%
438 70.6 Latvia
14%
438 70.6 Riga
14%
439 64.8 Tallinn
14%
479 120 Georgia
13%
614.2 104.1 Mongolia
13%
479 120 Tbilisi
13%
614.2 104.1 Ulaanbaatar
13%
363 82.5 Ireland
12%
377 86 London
12%
401.5 73.5 Copenhagen
11%
401.5 73.5 Denmark
11%
363 82.5 Dublin
11%
341 43 Iceland
11%
776.7 391.9 New Zealand
11%
401.7 57 Oslo
11%
341 43 Reykjavík
11%
414.3 60.5 Stockholm
11%
377 86 United Kingdom
11%
776.7 391.9 Wellington
11%
437 52 Finland
10%
437 52 Helsinki
10%
401.7 57 Norway
10%
414.3 60.5 Sweden
10%
No matching quizzes found
Score Distribution
Percent of People with Each Score
Percentile by Number Answered
Your Score History
You have not taken this quiz